[Event "Singapore Double Round"]
[Site "Singapore"]
[Date "1997.??.??"]
[Round "10"]
[White "Ardiansyah, Haji"]
[Black "Lau Keng Boon"]
[Result "1-0"]
[WhiteElo "2415"]
[BlackElo "2230"]

1.d4 Nf6 2.c4 e6 3.Nf3 b6 4.g3 Ba6 5.Qc2 c5 6.Bg2 Bb7 7.dxc5 Bxc5 8.O-O O-O
9.Nc3 Be7 10.Rd1 Qc8 11.Bg5 d6 12.Rac1 Nbd7 13.b3 h6 14.Bf4 e5 15.Bd2 Nc5
16.Be1 Nfe4 17.Nd5 Bxd5 18.cxd5 f5 19.b4 Na6 20.Qb3 Qb7 21.Rc6 Kh7 22.Rdc1 Rac8
23.Qc4 Rxc6 24.Qxc6 Qxc6 25.Rxc6 Nf6 26.Nh4 g6 27.b5 Nc5 28.Rc7 Rf7 29.Rxa7 e4
30.Bf1 Nxd5 31.Ng2 Kg7 32.e3 Nd3 33.Bxd3 exd3 34.Ra3 Nc7 35.Rxd3 Rf8 36.Rc3 Nd5
37.Rc2 Ra8 38.Nf4 Nxf4 39.gxf4 Kf7 40.Kg2 Ke6 41.Bb4 g5 42.fxg5 Rg8 43.Rc6 Rxg5+
44.Kf3 Rh5 45.Rxb6 Rxh2 46.Rb8 Rh4 47.a3 f4 48.b6 fxe3 49.fxe3 Rh5 50.a4 Rh3+
51.Ke2 Rh4 52.Bc3  1-0

[Event "SLO-chT sf"]
[Site "Skofja Loka"]
[Date "1997.??.??"]
[Round "?"]
[White "Stanojevic, Branko"]
[Black "Podlesnik, Bogdan"]
[Result "0-1"]
[WhiteElo "2335"]
[BlackElo "2425"]

1.d4 Nf6 2.c4 e6 3.Nf3 b6 4.g3 Ba6 5.b3 d5 6.Bg2 dxc4 7.Ne5 Bb4+ 8.Kf1 Bd6
9.Nxc4 Nd5 10.Bb2 Nc6 11.Nbd2 b5 12.Nxd6+ cxd6 13.Bf3 O-O 14.Kg2 Qb6 15.e3 Rac8
16.a3 Nce7 17.b4 f5 18.Qb3 Bb7 19.h4 g6 20.Rac1 Rxc1 21.Rxc1 h6 22.Kf1 Kg7
23.Qd3 Nf6 24.e4 fxe4 25.Nxe4 Bd5 26.Kg2 Nxe4 27.Bxe4 Qb7 28.f3 a6 29.Bc3 Bxe4
30.fxe4 d5 31.Rf1 Rxf1 32.Qxf1 Qc7 33.Qd3 h5 34.Bd2 Qc6 35.exd5 Qxd5+ 36.Qf3 Qa2
37.Qf4 Qc2 38.Qe3 Kf7 39.Kg1 Ke8 40.Qf4 Kd7 41.Be3 Qd3 42.Bf2 Qxa3 43.d5 Nxd5
44.Qf7+ Ne7 45.Qf4 Qd3 46.Qb8 Qb1+ 47.Kh2 Qxb4 48.Qa7+ Ke8 49.Bc5 Qd2+ 50.Kg1 Qd7
51.Qa8+ Kf7 52.Qxa6 Qd1+ 53.Kg2 Qc2+ 54.Bf2 Qc6+  0-1

[Event "RUS-Cup8"]
[Site "Smolensk"]
[Date "1997.??.??"]
[Round "9"]
[White "Tregubov, Pavel V"]
[Black "Tunik, Gennady"]
[Result "1/2-1/2"]
[WhiteElo "2525"]
[BlackElo "2460"]

1.Nf3 Nf6 2.d4 e6 3.c4 b6 4.g3 Ba6 5.b3 Bb4+ 6.Bd2 Be7 7.Bg2 c6 8.Bc3 d5
9.Ne5 Nfd7 10.Nxd7 Nxd7 11.Nd2 O-O 12.O-O Rc8 13.e4 b5 14.Re1 bxc4 15.bxc4 dxc4
16.Qa4 Bb5 17.Qc2 Re8 18.Nf1 Ba3 19.Ne3 Nb6 20.Rab1 Rc7 21.d5 Ba4 22.Qd2 cxd5
23.exd5 Bf8 24.Ba5 Rc5 25.Bb4 Rb5 26.Bxf8 Rxb1 27.Rxb1 Rxf8 28.Qa5 Qd7 29.Rc1 exd5
30.Bxd5 Nxd5 31.Nxd5 Bc6 32.Ne3 Ba8 33.Qa6 Rd8 34.a4 h6 35.Qb5 Qe7 36.Qa5 Rc8
37.h4 Qb7 38.Kh2 c3 39.Qf5 Re8 40.Kh3 Rxe3 41.fxe3 Qg2+ 42.Kg4 Qe2+ 43.Kf4 Qf3+
44.Ke5 Qxe3+ 45.Kd6 Qb6+ 46.Ke7 Qe3+ 47.Kd6 Qxg3+ 48.Qe5 Qd3+ 49.Kc7 c2 50.Qe8+ Kh7
51.Qxa8 Qg3+ 52.Kd7 Qg4+ 53.Ke7 Qxh4+ 54.Kf8 Qb4+ 55.Kxf7 Qf4+ 56.Ke6  1/2-1/2

[Event "St Petersburg-ch"]
[Site "St Petersburg"]
[Date "1997.??.??"]
[Round "3"]
[White "Karasev, Vladimir I"]
[Black "Cherepkov, Alexander V"]
[Result "1/2-1/2"]
[WhiteElo "2365"]
[BlackElo "2395"]

1.d4 Nf6 2.c4 e6 3.Nf3 b6 4.g3 Ba6 5.b3 Bb4+ 6.Bd2 Be7 7.Bg2 d5 8.Nc3 c6
9.O-O O-O 10.cxd5 cxd5 11.Ne5 Bb7 12.Qc2 Nbd7 13.f4 Rc8 14.Qd3 Nxe5 15.fxe5 Nd7
16.Bh3 Nb8 17.Rf2 Ba6 18.Qf3 Nc6 19.Qg4 Kh8 20.Raf1 Qe8 21.Rf4 b5 22.R1f2 b4
23.Nd1 Bb7 24.Ne3 a5 25.Qf3 f5 26.exf6 Bxf6 27.Qg4 Nd8 28.Qf3 e5  1/2-1/2

[Event "St Petersburg"]
[Site "St Petersburg"]
[Date "1997.??.??"]
[Round "6"]
[White "Epishin, Vladimir"]
[Black "Komarov, Dimitri"]
[Result "1-0"]
[WhiteElo "2600"]
[BlackElo "2615"]

1.d4 Nf6 2.c4 e6 3.Nf3 b6 4.g3 Ba6 5.Qb3 c5 6.d5 exd5 7.cxd5 c4 8.Qe3+ Qe7
9.Nc3 Qxe3 10.Bxe3 Bb4 11.Bd4 Nxd5 12.Bxg7 Rg8 13.O-O-O Ne7 14.Be5 Nbc6 15.Ne4 O-O-O
16.Nd6+ Bxd6 17.Bxd6 Rg6 18.Rd2 Nf5 19.Bf4 Bb7 20.e4 Nb4 21.exf5 Bxf3 22.fxg6 Bxh1
23.gxf7  1-0

[Event "Stockholm"]
[Site "Stockholm"]
[Date "1997.??.??"]
[Round "1"]
[White "Hultin, Johan"]
[Black "Rytshagov, Mikhail"]
[Result "0-1"]
[WhiteElo "2355"]
[BlackElo "2525"]

1.d4 Nf6 2.c4 e6 3.Nf3 b6 4.g3 Ba6 5.b3 Bb4+ 6.Bd2 Be7 7.Bg2 c6 8.Bc3 d5
9.Ne5 Ne4 10.O-O Nxc3 11.Nxc3 O-O 12.Rc1 Bf6 13.cxd5 cxd5 14.b4 Bxe5 15.dxe5 Bc4
16.f4 Nc6 17.a3 b5 18.Kh1 Qb6 19.Qe1 a5 20.g4 axb4 21.axb4 Nxb4 22.Rf3 Na2
23.Nxa2 Rxa2 24.Qh4 Rxe2 25.Rh3 h6 26.g5 Qf2 27.Qxf2 Rxf2 28.gxh6 g6  0-1

[Event "SVK-chT1W 9798"]
[Site "SVK"]
[Date "1997.??.??"]
[Round "?"]
[White "Danek, Pavol"]
[Black "Sabik, Robert"]
[Result "1/2-1/2"]
[WhiteElo "2140"]
[BlackElo "2030"]

1.d4 Nf6 2.Nf3 e6 3.c4 b6 4.g3 Ba6 5.Nbd2 Bb7 6.Bg2 c5 7.dxc5 Bxc5 8.O-O O-O
9.Nb3 Be7 10.Bf4 d6 11.Rc1 e5 12.Bg5 Nbd7 13.Nh4 Bxg2 14.Nxg2 h6 15.Bxf6 Nxf6
16.Ne3 Qd7 17.Qd3 Rfd8 18.Rfd1 Rac8 19.Nd2 d5 20.cxd5 Rxc1 21.Rxc1 Nxd5 22.Ndc4 Nxe3
23.Qxd7 Rxd7 24.Nxe3 Bc5 25.Nc4 f6 26.a3 Kf7 27.b4 Be7 28.g4 Ke6 29.Ne3 g6
30.Kf1 f5 31.gxf5+ gxf5 32.Rc6+ Rd6 33.Rc7 Rd7 34.Rxd7 Kxd7 35.Nxf5 Bf8 36.e3 Kc6
37.Ke2 Kb5 38.Kd3 Ka4 39.Kc4 b5+ 40.Kd5 Kxa3 41.Kxe5 Kxb4 42.Nd4 Bg7+ 43.Kd5 Bxd4
44.exd4 a5 45.f4 a4 46.f5 a3 47.f6 a2 48.f7 a1=Q 49.f8=Q+ Kb3 50.Qxh6 b4
51.h4 Qa5+ 52.Ke4 Qb5 53.d5 Qc4+ 54.Ke5 Qe2+ 55.Kf5 Qd3+ 56.Ke6 Kc2 57.Qf4 b3
58.Qf2+ Kc1 59.Qe1+ Kc2 60.Qf2+ Kc1  1/2-1/2

[Event "SVK-chT2 9697"]
[Site "SVK"]
[Date "1997.??.??"]
[Round "4"]
[White "Veselsky, Jozef"]
[Black "Vojtek, Vladimir"]
[Result "1/2-1/2"]
[WhiteElo "2250"]
[BlackElo "2295"]

1.d4 Nf6 2.Nf3 e6 3.c4 b6 4.g3 Ba6 5.Nbd2 Bb7 6.Bg2 c5 7.O-O Be7 8.b3 O-O
9.Bb2 d6 10.dxc5 bxc5 11.Qc2 Qb6 12.Rad1 Nc6 13.Rfe1 Rfd8 14.e4 e5 15.Nh4 g6
16.Nf1 Nd4 17.Qb1 a5 18.Ne3 a4 19.Bxd4 exd4 20.Nd5 Nxd5 21.exd5 Bf6 22.Be4 Bc8
23.Bc2 axb3 24.Bxb3 Bg4 25.f3 Bd7 26.Ng2 Qb4 27.Qd3 Bf5 28.Qf1 d3 29.Nf4 d2
30.Re2 Bc3 31.g4 Bd7 32.Nd3 Qb7 33.Nf2 Ba4 34.Rb1 Qd7 35.Ne4 Bxb3 36.axb3 Bd4+
37.Kh1 f5 38.gxf5 Qxf5 39.Rxd2 Ra3 40.Ng3 Qf6 41.Qe2 Rb8 42.Qd3 Rba8 43.Ne2 Be5
44.Qe4 Rf8 45.f4 Bxf4 46.Nxf4 Qxf4 47.Qxf4 Rxf4 48.Kg2 Kg7 49.Rdb2 Kf6 50.Re1 Rg4+
51.Kf2 Rf4+ 52.Kg2 Kf5 53.Re7 Rg4+ 54.Kf2 h5 55.Re6 Ra6 56.Rbe2 Rf4+ 57.Kg2 g5
58.h3 Rb6 59.R2e5+ dxe5 60.Rxb6 Rd4 61.Rc6 Rd2+ 62.Kf1 Kf4 63.Ke1 Rd3 64.Rxc5 e4
65.b4 g4 66.hxg4 hxg4 67.Rc6 g3 68.Rg6 Kf3 69.Rf6+ Ke3 70.Rg6 Kd4 71.d6 Kxc4
72.d7 Rxd7 73.Rxg3 Kxb4 74.Rg4 Rd4 75.Ke2  1/2-1/2

[Event "SVK-chT 9697"]
[Site "SVK"]
[Date "1997.??.??"]
[Round "8"]
[White "Balogh, Peter"]
[Black "Vojtek, Vladimir"]
[Result "1/2-1/2"]
[WhiteElo "2235"]
[BlackElo "2295"]

1.d4 Nf6 2.c4 e6 3.Nf3 b6 4.g3 Ba6 5.b3 Bb4+ 6.Bd2 Be7 7.Bg2 O-O 8.O-O d5
9.Ne5 c6 10.Bc3 Nfd7 11.Nxd7 Nxd7 12.Nd2 Qc7 13.e4 b5 14.cxb5 cxb5 15.Rc1 Nb6
16.Bb4 Qd7 17.Bxe7 Qxe7 18.exd5 Rad8 19.Qe2 Nxd5 20.Ne4 Nf6 21.Nc5 Bc8 22.Rfd1 Qe8
23.Nb7 Bxb7 24.Bxb7 Rd6 25.Rc5 a6 26.Qc2 Qd8 27.Rc6 Nd5 28.Qc5 Rxc6 29.Bxc6 g6
30.Bxd5 Qxd5 31.Qxd5 exd5 32.Rc1 Re8 33.Rc5 Re2 34.a4 Rb2 35.axb5 axb5 36.Rxb5 Kf8
37.Rxd5 Rxb3 38.g4 Rd3 39.Kg2 Ke7 40.h4 Ke6 41.Rd8 Ke7 42.Rh8 Rxd4 43.Kg3 h5
44.gxh5 Kf6 45.hxg6 fxg6 46.Ra8 Rb4 47.Ra6+ Kf5 48.Ra5+ Kf6 49.f3 Rc4 50.Ra8 Rb4
51.Rf8+ Kg7 52.Rf4 Rb1 53.Ra4 Kh6 54.Ra5  1/2-1/2

[Event "Piatka op"]
[Site "Swidnica"]
[Date "1997.??.??"]
[Round "?"]
[White "Grabliauskas, Virginijus"]
[Black "Shariyazdanov, Andrey"]
[Result "1/2-1/2"]
[WhiteElo "2435"]
[BlackElo "2525"]

1.d4 Nf6 2.c4 e6 3.Nf3 b6 4.g3 Ba6 5.b3 Bb4+ 6.Bd2 Be7 7.Bg2 c6 8.Bc3 d5
9.Ne5 Nfd7 10.Nxd7 Nxd7 11.Nd2 O-O 12.O-O Rc8 13.e4 b5 14.Re1 dxc4 15.bxc4 bxc4
16.Qa4 Bb5 17.Qc2 Re8 18.a4 Ba6 19.Rad1 Bf8 20.Re3 Qc7 21.Bf1 c5 22.d5 exd5
23.exd5 Rxe3 24.fxe3 Ne5 25.Qe4 Bd6 26.Bxe5 Bxe5 27.Bxc4 Bb7 28.Nf3 Bf6 29.Qf5 Rd8
30.e4 Bc8 31.Qf4 Qxf4 32.gxf4 Bg4 33.Kg2 g5 34.fxg5 Bxg5 35.Kf2 Kf8 36.Rg1 Bxf3
37.Kxf3 Bf6  1/2-1/2

[Event "SWZ-chT9697"]
[Site "SWZ"]
[Date "1997.??.??"]
[Round "?"]
[White "Dubeck, Michael"]
[Black "Bohnenblust, Simon"]
[Result "1/2-1/2"]
[WhiteElo "2305"]
[BlackElo "2050"]

1.Nf3 Nf6 2.c4 e6 3.d4 b6 4.g3 Ba6 5.b3 Bb4+ 6.Bd2 Be7 7.Bg2 c6 8.O-O O-O
9.Bc3 d5 10.Nbd2 Nbd7 11.Re1 Rc8 12.e4 dxe4 13.Ne5 b5 14.Nxe4 Nxe4 15.Rxe4 bxc4
16.bxc4 Nxe5 17.dxe5 Qxd1+ 18.Rxd1 Rfd8 19.Rc1 Ba3 20.Rb1 Rd3 21.Rb3 Bc5
22.Bf1 Rd1 23.Re1 Rxe1 24.Bxe1 f6 25.exf6 gxf6 26.Bb4 Bxb4 27.Rxb4 Rc7 28.Rb8+ Rc8
29.Rxc8+ Bxc8 30.c5 Kf7 31.Bc4 Ke7 32.Kf1 e5 33.Ke2 Be6 34.Kd3 f5 35.Bxe6 Kxe6
36.Kc4 h5 37.f3 Kf6 38.Kd3 Kg5 39.Ke3 Kf6 40.Kd3 Ke6 41.Kc4 Kf6  1/2-1/2

[Event "SWZ-chT9697"]
[Site "SWZ"]
[Date "1997.??.??"]
[Round "?"]
[White "Almada, Enrique"]
[Black "Atlas, Valeri"]
[Result "1/2-1/2"]
[WhiteElo "2305"]
[BlackElo "2460"]

1.d4 Nf6 2.Nf3 e6 3.c4 b6 4.g3 Ba6 5.Qc2 Bb7 6.Bg2 c5 7.O-O cxd4 8.Nxd4 Bxg2
9.Kxg2 Be7 10.Nc3 Qc7 11.Qd3 a6 12.b3 O-O 13.Bb2 Nc6 14.Nxc6 dxc6 15.Rad1 Rad8
16.Qf3 Nd7 17.Qe4 Bf6 18.Qc2 c5 19.Kg1 Nb8 20.Rxd8 Rxd8 21.Rd1 Nc6 22.Rxd8+ Qxd8
23.Qd1 Qa8 24.Na4 Bxb2 25.Nxb2 Nd4 26.f3 Kf8 27.Kf2 Ke7 28.e3 Nc6 29.Na4 Qb7
30.Nc3 Qc7 31.f4  1/2-1/2

[Event "EU-ch U18"]
[Site "Tallinn"]
[Date "1997.??.??"]
[Round "6"]
[White "Iljushin, Alexei"]
[Black "Parligras, Mircea"]
[Result "1-0"]
[WhiteElo "2430"]
[BlackElo "2340"]

1.d4 Nf6 2.c4 e6 3.Nf3 b6 4.g3 Ba6 5.b3 Bb4+ 6.Bd2 Be7 7.Bg2 Bb7 8.O-O O-O
9.Nc3 Na6 10.Ne5 d5 11.cxd5 exd5 12.Bg5 c5 13.dxc5 Nxc5 14.Rc1 h6 15.Be3 Re8
16.Bd4 Ne6 17.e3 Nxd4 18.exd4 Ba3 19.Rc2 Ba6 20.Re1 Rc8 21.Re3 Re7 22.h4 Rec7
23.Bh3 Bb4 24.Bxc8 Qxc8 25.Qf3 Bb7 26.g4 Kh7 27.g5 Ne4 28.Nxe4 Rxc2 29.Qxf7 dxe4
30.Qg6+ Kg8 31.gxh6 Rc7 32.h7+ Kh8 33.Qh5 Rc1+ 34.Kg2  1-0

[Event "Tampere Elo Taraus op"]
[Site "Tampere"]
[Date "1997.??.??"]
[Round "2"]
[White "Tuominen, Risto"]
[Black "Nokso Koivisto, Antti"]
[Result "0-1"]
[WhiteElo "2160"]
[BlackElo "2215"]

1.d4 Nf6 2.c4 e6 3.Nf3 b6 4.g3 Ba6 5.Qb3 c5 6.d5 exd5 7.cxd5 d6 8.Nc3 Be7
9.Bg2 O-O 10.O-O Nbd7 11.a4 Re8 12.Re1 Bf8 13.Nb5 Ne4 14.Nd2 Nxd2 15.Bxd2 f5
16.Bh3 g6 17.e4 Bxb5 18.axb5 Rxe4 19.Rxe4 fxe4 20.Be6+ Kh8 21.Ra4 Bg7 22.Rxe4 Ne5
23.f4 Nd7 24.Ra4 Qc7 25.g4 g5 26.Bc3 gxf4 27.Bxg7+ Kxg7 28.Rxf4 Ne5 29.Qe3 Qe7
30.Rf5 Rf8 31.Kg2 Rxf5 32.gxf5 Qh4 33.h3 Kf6 34.Qa3 Qg5+ 35.Kf1 Qc1+ 36.Kf2 Qd2+
37.Kf1 Qd3+ 38.Kf2 Qxa3 39.bxa3 Nc4 40.a4 Nb2 41.Ke3 Nxa4 42.Kd3 Nb2+ 43.Kc2 Nc4
44.Kd3 Ne5+ 45.Ke4 Kg5 46.h4+ Kf6 47.Kf4 h5 48.Ke4 Nf7 49.Bd7 Nh6 50.Bc8 c4
51.Bd7 c3 52.Kd3 c2 53.Kxc2 Nxf5 54.Be8 Nxh4 55.Bxh5 Nf5 56.Kd3 Ke5 57.Bf7 Nd4
58.Kc4 Ne2 59.Bh5 Ng3 60.Bf7 Ne4 61.Bh5 Nc5 62.Bg6 Kf6 63.Be8 Ke7 64.Bh5 Kd8
65.Kd4 a5 66.bxa6 Nxa6 67.Kc4 Nc7 68.Kd4 Kc8 69.Bg4+ Kb7 70.Bd7 b5 71.Bg4 Kb6
72.Bf3 Ka5 73.Kc3 Na6 74.Bd1 Nc5 75.Bc2 Na4+ 76.Kb3 Nb6 77.Be4 b4 78.Bc2 Nxd5
79.Bd3 Nb6 80.Be2 d5 81.Bd3 Na4 82.Bf1 Nc5+ 83.Kc2 Ka4 84.Kb2 d4 85.Bc4 b3
86.Be2 Kb4 87.Bf1 Na4+ 88.Kc1 Kc3 89.Bb5 Nc5 90.Be8 d3 91.Bg6 d2+ 92.Kd1 Na4  0-1

[Event "Tampere Elo Taraus op"]
[Site "Tampere"]
[Date "1997.??.??"]
[Round "5"]
[White "Veingold, Aleksandr"]
[Black "Tolonen, Leo Toivovich"]
[Result "1/2-1/2"]
[WhiteElo "2460"]
[BlackElo "2330"]

1.d4 Nf6 2.Nf3 e6 3.c4 b6 4.g3 Ba6 5.b3 Bb4+ 6.Bd2 Be7 7.Bg2 c6 8.Bc3 d5
9.Ne5 Nfd7 10.Nxd7 Nxd7 11.Nd2 f5 12.O-O O-O 13.Qc2 Rc8 14.Qb2 Qe8 15.a4 Qh5
16.b4 Bb7 17.cxd5 cxd5 18.b5 f4 19.Bf3 Qg6 20.Rac1 Nf6 21.Bb4 Bxb4 22.Qxb4 Ne4
23.Kg2 h5 24.Rxc8 Bxc8 25.Qb1 Bb7 26.Rc1 Rf7 27.Qd3 Qg5 28.Rc2 fxg3 29.fxg3 Nd6
30.h4 Qh6 31.Kh2 Rf8 32.Nf1 Qh7 33.Rd2 g6 34.Ne3  1/2-1/2

[Event "Tampere Elo Taraus op"]
[Site "Tampere"]
[Date "1997.??.??"]
[Round "6"]
[White "Tuominen, Risto"]
[Black "Korhonen, Pasi"]
[Result "1-0"]
[WhiteElo "2160"]
[BlackElo "2145"]

1.d4 Nf6 2.c4 e6 3.Nf3 b6 4.g3 Ba6 5.Nbd2 Bb4 6.Qc2 O-O 7.Bg2 c6 8.O-O d5
9.b3 h6 10.Bb2 Re8 11.Rad1 Bf8 12.Rfe1 Bb7 13.e4 dxe4 14.Nxe4 Nxe4 15.Qxe4 Nd7
16.Qc2 Rc8 17.a3 Nf6 18.Ne5 Qc7 19.Nd3 Rcd8 20.b4 Rc8 21.Bc1 Bd6 22.c5 Bf8
23.Bf4 Qd8 24.Ne5 Nd5 25.Bc1 b5 26.Be4 Rc7 27.Qb3 Rce7 28.Bb1 g6 29.h4 Nf6
30.Qf3 Bg7 31.Bxh6 Qd5 32.Qe3 Qd8 33.Bxg7 Kxg7 34.Qd3 Nd5 35.h5 Rh8 36.hxg6 f6
37.Nf7 Rxf7 38.gxf7 Ne7 39.Rxe6 Qd5 40.f8=Q+ Kxf8 41.Rxf6+ Kg7 42.Qf3 Bc8
43.Be4 Qh5 44.Qxh5 Rxh5 45.Rxc6 Nxc6 46.Bxc6 Be6 47.Bf3  1-0

[Event "Tanta op"]
[Site "Tanta"]
[Date "1997.??.??"]
[Round "2"]
[White "Neverov, Valeriy"]
[Black "Sarwat, Walaa"]
[Result "1-0"]
[WhiteElo "2530"]
[BlackElo "2360"]

1.d4 Nf6 2.c4 e6 3.Nf3 b6 4.g3 Ba6 5.b3 Bb4+ 6.Bd2 Be7 7.Bg2 c6 8.Bc3 d5
9.Ne5 Nfd7 10.Nxd7 Nxd7 11.Nd2 Rc8 12.O-O Nf6 13.e4 b5 14.Re1 dxe4 15.Bf1 b4
16.Bb2 c5 17.Bg2 Rc7 18.Nxe4 Nxe4 19.Bxe4 Bf6 20.a3 Bb7 21.axb4 Bxe4 22.Rxe4 cxd4
23.Qd3 O-O 24.b5 Qd7 25.Ra6 Rb8 26.Re1 Rb6 27.Rea1 g6 28.Rxb6 axb6 29.Ra6 Rb7
30.Kf1 e5 31.Qe4 Rb8 32.Ke2 Bg7 33.Ra8 Qd8 34.Ra7 Qf6 35.f3 Qe6 36.Ra8 Qc8
37.Rxb8 Qxb8 38.Qc6 e4 39.Kd1 e3 40.Bc1 Qd8 41.c5 Qg5 42.cxb6 Be5 43.b7 d3
44.b8=Q+ Bxb8 45.Qc8+ Kg7 46.Qc3+ Kg8 47.Qxd3 Qh5 48.Qxe3 Qxb5 49.Bb2 Bd6
50.Qd4 Qf1+ 51.Kc2 Qe2+ 52.Kb1 Qf1+ 53.Ka2 Qa6+ 54.Qa4 Qc8 55.Qd4 Qa6+ 56.Kb1 Kf8  1-0

[Event "ROM-chT"]
[Site "Tusnad"]
[Date "1997.??.??"]
[Round "?"]
[White "Litinskaya, Marta I"]
[Black "Zatonskih, Anna"]
[Result "1-0"]
[WhiteElo "2335"]
[BlackElo "2290"]

1.d4 e6 2.c4 Nf6 3.Nf3 b6 4.g3 Ba6 5.b3 Bb4+ 6.Bd2 Be7 7.Nc3 c6 8.e4 d5 9.cxd5 Bxf1
10.Kxf1 cxd5 11.e5 Ne4 12.Kg2 Nc6 13.Re1 Nxd2 14.Qxd2 Rc8 15.a3 Na5 16.Qd3 O-O
17.Nd2 Qd7 18.Rec1 Rc6 19.Nb5 Rfc8 20.Rxc6 Rxc6 21.Ra2 h6 22.Nc3 Qc8 23.Ne2 Qf8
24.Nb1 Qc8 25.Nd2 Qf8 26.Nb1 Qc8 27.f4 f5 28.exf6 Bxf6 29.Nbc3 Qd7 30.Nd1 Nb7
31.Ne3 Nd6 32.a4 Ne4 33.Rc2 Qc7 34.Rxc6 Qxc6 35.f5 exf5 36.Nxf5 Qe6 37.Ne3 Ng5
38.Nf4 Qe4+ 39.Qxe4 Nxe4 40.Nexd5 Bxd4 41.Ne7+ Kf7 42.Nc6 Bc5 43.b4 Bd6 44.Nxa7 Bxb4
45.Nd5 Ba5 46.Nc8 Nc5 47.Ncxb6 Ke6 48.Kf3 Kf5 49.Nc4 Bd8 50.a5  1-0

[Event "JUG Cup (Women)"]
[Site "Ulcinj"]
[Date "1997.??.??"]
[Round "?"]
[White "Maric, Alisa"]
[Black "Bojkovic, Natasa"]
[Result "1/2-1/2"]
[WhiteElo "2455"]
[BlackElo "2405"]

1.d4 Nf6 2.c4 e6 3.Nf3 b6 4.g3 Ba6 5.b3 Bb4+ 6.Bd2 Be7 7.Bg2 c6 8.Bc3 d5
9.Nbd2 O-O 10.O-O Bb7 11.Qc2 Na6 12.e4 Rc8 13.Rad1 Rc7 14.Rfe1 Qa8 15.e5 Nd7
16.cxd5 cxd5 17.Nb1 Rfc8 18.Bf1 Nab8 19.Rc1 Ba6 20.Bxa6 Nxa6 21.Qe2 Qb7 22.Bb2 Nb4
23.Rxc7 Rxc7 24.Nc3 Nb8 25.Rc1 Qc8 26.Kg2 N4a6 27.Qd1 Qd7 28.Qe2 Qc8 29.Qd1 Rc6
30.Nb5 Qd7 31.Rxc6 Nxc6 32.Nc3 Na5 33.Qc1 h6 34.Ba3 Bb4 35.Bxb4 Nxb4 36.Qd2 Qc6
37.Ne2 Qb5 38.a4 Qd3 39.Qxb4 Qxe2 40.Qc3 Qe4 41.h3 g6 42.Qc8+ Kg7 43.Qc3 Qb1
44.Nd2 Qe1 45.Qc2 Qe2 46.Qc3 Nc6 47.Nf1 Qe4+ 48.f3 Qe2+ 49.Kg1 Na5 50.h4 Qd1
51.Kf2 Nxb3 52.Ne3 Qb1 53.Qc2 Qxc2+ 54.Nxc2 Kf8 55.Ke2 Ke7 56.Kd3 Na5 57.Ne3 Nc6
58.Kc3 a6 59.Ng4 h5 60.Ne3 Kd7 61.g4 Ne7 62.Ng2 Kc6 63.Nf4 a5 64.Kb3 b5 65.Ka3 Kb6
66.Kb3 Nc6 67.Kc3 Ne7 68.Kb3 Ka6 69.Ka3 Nc6 70.Ne2 Nb4 71.Kb3 Nd3 72.gxh5 gxh5
73.f4 Ne1 74.Ng3 Ng2 75.Nxh5 Nxh4 76.Ng3 Nf3 77.Ne2 Nd2+ 78.Kc2 Nc4 79.Kb3  1/2-1/2

[Event "JUG Cup"]
[Site "Ulcinj"]
[Date "1997.??.??"]
[Round "?"]
[White "Ristic, Nebojsa"]
[Black "Stojanovic, Zoran"]
[Result "1/2-1/2"]
[WhiteElo "2425"]
[BlackElo "2355"]

1.d4 Nf6 2.Nf3 e6 3.c4 b6 4.g3 Ba6 5.b3 Bb4+ 6.Bd2 Be7 7.Bg2 c6 8.Ne5 d5
9.Bc3 O-O 10.Nd2 Nfd7 11.Nxd7 Nxd7 12.O-O Rc8 13.e4 b5 14.Re1 dxe4 15.Rxe4 bxc4
16.bxc4 c5  1/2-1/2

[Event "JUG Cup"]
[Site "Ulcinj"]
[Date "1997.??.??"]
[Round "?"]
[White "Georgiev, Kiril"]
[Black "Sokolov, Andrei"]
[Result "1-0"]
[WhiteElo "2645"]
[BlackElo "2580"]

1.d4 Nf6 2.c4 e6 3.Nf3 b6 4.g3 Ba6 5.b3 Bb4+ 6.Bd2 Be7 7.Bg2 d5 8.cxd5 Nxd5
9.Nc3 O-O 10.Nxd5 exd5 11.O-O Nd7 12.Rc1 Re8 13.Re1 c5 14.Be3 Bb7 15.Rc2 a5
16.Qc1 a4 17.Rd1 h6 18.dxc5 axb3 19.axb3 bxc5 20.Ne1 Bf6 21.Qd2 Qb6 22.Bxd5 Rad8
23.Bxb7 Qxb7 24.Qd5 Qb6 25.Rb1 Rxe3 26.fxe3 c4 27.Qxc4 Qxe3+ 28.Kh1 Nb6 29.Qg4 Rd4
30.Qf3 Qe7 31.Nd3 Re4 32.Rf1 Re3 33.Qg2 Qe6 34.b4 Nd5 35.Nc5 Qc6 36.b5  1-0

[Event "JUG Cup (Women)"]
[Site "Ulcinj"]
[Date "1997.??.??"]
[Round "?"]
[White "Shumiakina, Tatiana"]
[Black "Vuksanovic, Sanja"]
[Result "1/2-1/2"]
[WhiteElo "2375"]
[BlackElo "2260"]

1.d4 e6 2.c4 Nf6 3.Nf3 b6 4.g3 Ba6 5.b3 Bb4+ 6.Bd2 Be7 7.Bg2 c6 8.Bc3 d5
9.Ne5 Nfd7 10.Nxd7 Nxd7 11.Nd2 O-O 12.O-O Rb8 13.Re1 b5 14.e4 dxc4 15.bxc4 bxc4
16.Qa4 Bb5 17.Qc2 Ba3 18.Rab1 Nb6 19.Ba1 Re8 20.Bf1 a5 21.Nxc4 Ba4 22.Qd3 Bb4
23.Rec1 Nxc4 24.Qxc4 Bb5 25.Qc2 Bxf1 26.Rxf1 Qd6 27.Rfd1 h6 28.Qa4 Rec8 29.Rb3 Qd8
30.a3 Bf8 31.Rxb8 Rxb8 32.Qxc6 Bxa3 33.d5 exd5 34.exd5 Bb2 35.Bxb2 Rxb2 36.d6 Qf6
37.Qc5 Qf3 38.Re1 Rd2 39.d7 Kh7 40.d8=Q Rxd8 41.Qxa5  1/2-1/2

[Event "Vantaa We Remi"]
[Site "Vantaa"]
[Date "1997.??.??"]
[Round "4"]
[White "Sammalvuo, Tapani"]
[Black "Veingold, Aleksandr"]
[Result "1-0"]
[WhiteElo "2375"]
[BlackElo "2460"]

1.d4 Nf6 2.c4 e6 3.Nf3 b6 4.g3 Ba6 5.b3 Bb4+ 6.Bd2 Be7 7.Bg2 c6 8.Bc3 d5
9.Ne5 Nfd7 10.Nxd7 Nxd7 11.Nd2 O-O 12.O-O Rc8 13.e4 b5 14.Re1 bxc4 15.bxc4 dxc4
16.Qa4 Bb5 17.Qc2 Re8 18.a4 Ba6 19.Rad1 Bf8 20.Nf1 Qb6 21.Rb1 Qc7 22.Ne3 Rb8
23.Bf1 Rxb1 24.Rxb1 Rb8 25.Rxb8 Qxb8 26.Nxc4 Nb6 27.Ne5 Bxf1 28.Kxf1 Qc8
29.a5 Nd7 30.Nxd7 Qxd7 31.Qb3 a6 32.Qb6 c5 33.Qxa6 cxd4 34.Bd2 Qc7 35.Qb5 Qc2
36.a6 Qxd2 37.a7 d3 38.a8=Q Qc1+ 39.Kg2 d2 40.Qb4  1-0

[Event "Vantaa We EtVaS"]
[Site "Vantaa"]
[Date "1997.??.??"]
[Round "4"]
[White "Sammalvuo, Tapani"]
[Black "Berzinsh, Roland"]
[Result "1/2-1/2"]
[WhiteElo "2375"]
[BlackElo "2440"]

1.d4 Nf6 2.c4 e6 3.Nf3 b6 4.g3 Ba6 5.b3 b5 6.cxb5 Bxb5 7.Bg2 Bc6 8.O-O Be7
9.Nc3 O-O 10.Qc2 a5 11.e4 Na6 12.Ne5 Bb7 13.a3 c6 14.Nd3 d5 15.e5 Nd7 16.Na4 Qc7
17.Be3 Rfc8 18.Rfc1 Qd8 19.Qb2 Qf8 20.Bd2 Bd8 21.Rc2 c5 22.b4 cxb4 23.Rxc8 Bxc8
24.axb4 axb4 25.Nac5 Nb6 26.Nxa6 Nc4 27.Qxb4 Be7 28.Qc3 Rxa6 29.Rxa6 Bxa6
30.Be1 h6 31.Bf1 Qb8 32.Nb4 Bb5 33.Nc2 Qa8 34.Ne3 Qa2 35.Qc2 Qa6 36.Nxc4 Bxc4
37.Bg2 Qb5 38.Qc3 Qb1 39.Qd2 Bg5 40.Qb4 Qd1 41.f4 Qxd4+ 42.Bf2 Qd1+ 43.Qe1 Qxe1+
44.Bxe1 Be7 45.Bf2 Kf8 46.Bd4 Ke8 47.Kf2 Kd7 48.Bf3 f6 49.Bh5 Bd3 50.Ke3 Be4
51.Bd1 Kc6 52.Bh5  1/2-1/2

[Event "Vantaa We Remi"]
[Site "Vantaa"]
[Date "1997.??.??"]
[Round "5"]
[White "Remmel, Anto"]
[Black "Sammalvuo, Tapani"]
[Result "0-1"]
[WhiteElo "2260"]
[BlackElo "2375"]

1.d4 Nf6 2.c4 e6 3.Nf3 b6 4.g3 Ba6 5.Qa4 Bb7 6.Bg2 c5 7.dxc5 Bxc5 8.Nc3 O-O
9.O-O Be7 10.Nd4 Bxg2 11.Kxg2 Qc8 12.Bf4 Qb7+ 13.f3 Rc8 14.Rfd1 a6 15.e4 d6
16.Nde2 Qc7 17.Rd2 Nbd7 18.b3 Qc5 19.Rc1 Ne5 20.Nd1 Qc7 21.Nf2 Nfd7 22.Qa3 Bf8
23.Qb2 Qb7 24.Rcd1 Qc6 25.Nd4 Qc7 26.Nc2 h6 27.Ne3 Qc5 28.Neg4 f6 29.Nd3 Qc6
30.Ndxe5 fxe5 31.Be3 Be7 32.Qb1 Rf8 33.Rf1 Rf7 34.Bxh6 gxh6 35.Nxh6+ Kg7
36.Nxf7 Kxf7 37.f4 exf4 38.Rxf4+ Bf6 39.Qd1 Ke7 40.Qh5 Rf8 41.Rdf2 Qc5 42.Qh6 Qe5
43.h4 Rg8 44.g4 Rh8 45.Qg6 Rxh4 46.Rxf6 Nxf6 47.Qg7+ Ke8 48.Rxf6 Qb2+ 49.Kg1 Qa1+
50.Kg2 Qh1+ 51.Kf2 Rh2+ 52.Ke3 Qe1+ 53.Kd3 Qd2+  0-1

[Event "Villa Ballester op"]
[Site "Villa Ballester"]
[Date "1997.??.??"]
[Round "7"]
[White "Campos, Jose Felix"]
[Black "Escandell, Juan Carlos"]
[Result "1-0"]
[WhiteElo "2260"]
[BlackElo "2270"]

1.d4 Nf6 2.Nf3 e6 3.c4 b6 4.g3 Ba6 5.Qc2 Bb7 6.Bg5 c5 7.dxc5 Bxc5 8.Bg2 h6
9.Bxf6 Qxf6 10.O-O O-O 11.Nc3 Nc6 12.Rad1 d5 13.cxd5 Nb4 14.Qb1 Nxd5 15.Ne4 Qe7
16.Ne5 Rfd8 17.Nxc5 Qxc5 18.Qe4 Rac8 19.Nd3 Qa5 20.Qe5 Ba6 21.a3 Bc4 22.Bf3 Bb3
23.Rc1 Rxc1 24.Rxc1 Qd2 25.Rc6 Qg5 26.Rd6 Rc8 27.Rxe6 Qxe5 28.Rxe5 Nf6 29.Re7 Rc2
30.Rxa7 Bc4 31.b4 Ra2 32.a4 Bd5 33.a5 Bxf3 34.exf3 bxa5 35.bxa5 Nd5 36.a6 Ra3
37.Ne5 Nb4 38.Ra8+ Kh7 39.a7 f6 40.Nd7 Kg6 41.Nxf6 Nc6 42.Nd5 Rxa7 43.Rxa7 Nxa7
44.f4 h5 45.f3 Kf5 46.Kf2 Ke6 47.Nc3 Nc6 48.Ke3 Kf5 49.Nb5 Nb4 50.Nd4+ Kf6
51.Ke4 Na2 52.Nb5 Nc1 53.g4 Nb3 54.g5+ Kg6 55.h4 Nd2+ 56.Ke3 Nf1+ 57.Kf2 Nd2
58.Nd4 Nc4 59.f5+ Kf7 60.Kg3 Ne3 61.Kf2 Nd5 62.Nc6 Ke8 63.Kg3 Ne3 64.Nd4 Kf7
65.f4 Nc4 66.Kf3 Nd2+ 67.Ke3 Nc4+ 68.Ke4 Nd2+ 69.Kd5 Nf1 70.Ke5 Ne3 71.g6+ Ke7
72.Nc6+ Kd7 73.Nb4 Ng4+ 74.Kd4 Ke7 75.Nd5+ Kf8 76.Ne3 Nf2 77.Nf1 Ke7 78.Ke3 Ng4+
79.Ke4 Nf6+ 80.Kf3 Nd5  1-0

[Event "Vlissingen HZ op"]
[Site "Vlissingen"]
[Date "1997.??.??"]
[Round "2"]
[White "Djuric, Stefan"]
[Black "Van der Wiel, John TH"]
[Result "0-1"]
[WhiteElo "2545"]
[BlackElo "2555"]

1.d4 Nf6 2.Nf3 e6 3.c4 b6 4.g3 Ba6 5.b3 Bb4+ 6.Bd2 Be7 7.Bg2 c6 8.O-O O-O
9.Qc2 d5 10.Bg5 h6 11.Bxf6 Bxf6 12.Rd1 Bb7 13.Nc3 Na6 14.e4 Rc8 15.Rac1 Rc7
16.h4 Rd7 17.e5 Be7 18.cxd5 cxd5 19.Qb2 Nc7 20.b4 f5 21.exf6 gxf6 22.Ne2 Bd6
23.Qd2 Qe7 24.Qxh6 Bxb4 25.Nf4 Qh7 26.Qxh7+ Rxh7 27.Rxc7 Rxc7 28.Nxe6 Rc2
29.Nxf8 Kxf8 30.Nh2 Rxa2 31.Ng4 Rd2 32.Rxd2 Bxd2 33.Nxf6 b5 34.Kf1 b4 35.Ke2 Bh6
36.Nd7+ Ke7 37.Nc5 Bc6 38.Kd3 a5 39.Bf3 a4 40.g4 Bg7 41.Bd1 Bb5+ 42.Ke3 a3
43.Bb3 Bc4 44.f4 Kf7 45.h5 Bf8 46.g5 Bxc5 47.dxc5 Bxb3 48.c6 a2 49.c7 d4+
50.Ke4 Be6 51.f5 Bc8 52.g6+ Kf6  0-1